[Event "EU-Cup 34th"]
[Site "Porto Carras"]
[Date "2018.10.15"]
[Round "4.4"]
[White "Bednarich, Jan"]
[Black "Petursson, Margeir"]
[Result "1/2-1/2"]
[WhiteElo "2200"]
[BlackElo "2486"]
[PlyCount "95"]
[EventDate "2018.10.12"]
[EventType "team-swiss"]
[EventRounds "7"]
[EventCountry "GRE"]
[SourceTitle "CBM 187"]
[Source "ChessBase"]
[SourceDate "2018.12.11"]
[SourceVersion "1"]
[SourceVersionDate "2018.12.11"]
[SourceQuality "1"]
[WhiteTeam "Bonnevoie Gambit"]
[BlackTeam "Reykjavik"]
[WhiteTeamCountry "BEL"]
[BlackTeamCountry "ISL"]

1. d4 Nf6 2. Nc3 d5 3. Bf4 g6 4. e3 Bg7 5. h4 0-0 6. h5 Nxh5 7. Rxh5 gxh5 8. Qxh5 c6 9. Bd3 f5 10. Nf3 Nd7 11. 0-0-0 Nf6 12. Qh4 Ng4 13. Rh1 h6 14. Qg3 Qe8 15. Bxh6 Nxh6 16. Rxh6 Rf6 17. Rh4 Rg6 18. Qh2 Qf8 19. Ne5 Bxe5 20. Qxe5 Qf6 21. Qh2 Bd7 22. Ne2 Rg5 23. Nf4 Qg7 24. Nh5 Rxg2 25. Nxg7 Rxh2 26. Rxh2 Kxg7 27. f4 b6 28. Kd2 c5 29. c3 e6 30. Bc2 a5 31. a3 Be8 32. Bd1 Rc8 33. Rg2+ Kf8 34. Rh2 Bf7 35. Ba4 Rc7 36. Bb5 Bg8 37. Ke1 cxd4 38. exd4 Rg7 39. Kf2 Rg4 40. Kf3 Rg1 41. Ke3 Rb1 42. Kf3 Bf7 43. Ke3 Ke7 44. Kd3 Re1 45. Kd2 Rb1 46. Kd3 Rg1 47. Ke3 Rb1 48. Kd3 1/2-1/2

[Event "EU-Cup 34th"]
[Site "Porto Carras"]
[Date "2018.10.14"]
[Round "3.5"]
[White "Ledger, Dave J"]
[Black "Bednarich, Jan"]
[Result "1/2-1/2"]
[WhiteElo "2168"]
[BlackElo "2200"]
[PlyCount "131"]
[EventDate "2018.10.12"]
[EventType "team-swiss"]
[EventRounds "7"]
[EventCountry "GRE"]
[SourceTitle "CBM 187"]
[Source "ChessBase"]
[SourceDate "2018.12.11"]
[SourceVersion "1"]
[SourceVersionDate "2018.12.11"]
[SourceQuality "1"]
[WhiteTeam "Blackthorne Russia"]
[BlackTeam "Bonnevoie Gambit"]
[WhiteTeamCountry "ENG"]
[BlackTeamCountry "BEL"]

1. e4 c5 2. Nf3 Nc6 3. d4 cxd4 4. Nxd4 Qb6 5. Nb3 Nf6 6. Nc3 e6 7. a3 Qc7 8. f4 d6 9. Qf3 a6 10. Be3 b5 11. Bd3 Bb7 12. 0-0 Be7 13. Kh1 h6 14. Qg3 h5 15. f5 h4 16. Qh3 e5 17. g4 d5 18. exd5 Nd4 19. Nxd4 exd4 20. Bxd4 Nxd5 21. Nxd5 Bxd5+ 22. Kg1 0-0-0 23. Qe3 Bb7 24. c3 Bd6 25. Be4 Bxh2+ 26. Kh1 Rhe8 27. Bxb7+ Qxb7+ 28. Qf3 Re2 29. Qxb7+ Kxb7 30. Rf2 Rxf2 31. Bxf2 Be5 32. Re1 f6 33. Bd4 Bxd4 34. Re7+ Kc6 35. cxd4 Kd5 36. Rxg7 Ke4 37. Kg2 Kf4 38. Kh3 a5 39. Rb7 Rxd4 40. Rxb5 Kg5 41. Rxa5 Rd3+ 42. Kh2 Rb3 43. Ra4 Rxb2+ 44. Kh1 Ra2 45. Ra8 Kf4 46. Rb8 Kg3 47. Rb3+ Kxg4 48. Rb4+ Kg3 49. Rb3+ Kg4 50. Rb4+ Kg5 51. a4 h3 52. Rb3 Kg4 53. Rb4+ Kxf5 54. Rh4 Kg5 55. Rxh3 Rxa4 56. Rb3 Kg4 57. Kg2 Ra2+ 58. Kf1 f5 59. Rc3 f4 60. Rb3 Ra1+ 61. Kf2 Ra2+ 62. Kf1 Rh2 63. Ra3 f3 64. Ra8 Rh1+ 65. Kf2 Rh2+ 66. Kf1 1/2-1/2

[Event "Luxembourg-chT 1415"]
[Site "Luxembourg"]
[Date "2015.03.29"]
[Round "10"]
[White "Bednarich, Jan"]
[Black "Klauner, Theo"]
[Result "1-0"]
[WhiteElo "2305"]
[BlackElo "2045"]
[PlyCount "89"]
[EventDate "2014.10.05"]
[EventType "team-tourn"]
[EventRounds "10"]
[EventCountry "LUX"]
[SourceTitle "EXT 2017"]
[Source "ChessBase"]
[SourceDate "2016.10.25"]
[SourceVersion "1"]
[SourceVersionDate "2016.10.25"]
[SourceQuality "1"]

1. Nf3 c5 2. c4 Nc6 3. Nc3 Nf6 4. e3 g6 5. d4 d6 6. Be2 Bg7 7. 0-0 0-0 8. d5 Nb8 9. h3 Na6 10. e4 Nc7 11. Bf4 Nd7 12. Qd2 Re8 13. Rfe1 Ne5 14. Nh2 e6 15. Bg5 f6 16. Be3 exd5 17. cxd5 Bd7 18. a3 b5 19. b4 c4 20. f4 Nf7 21. Nf3 f5 22. exf5 Bxf5 23. Nd4 Bd7 24. Bf3 Qf6 25. Rad1 a6 26. Ne4 Qe7 27. Bf2 Qf8 28. Nc6 Rac8 29. Bh4 Nxd5 30. Na7 Rc7 31. Qxd5 Rxa7 32. Nf6+ Bxf6 33. Bxf6 Rc7 34. Bc3 h5 35. Qd4 Kh7 36. f5 Rxe1+ 37. Rxe1 Ne5 38. fxg6+ Nxg6 39. Bxh5 Bf5 40. Rf1 Rf7 41. Rf3 Bd3 42. Bxg6+ Bxg6 43. Rxf7+ Bxf7 44. Qf6 Qg8 45. g4 1-0

[Event "Luxembourg-chT 1415"]
[Site "Luxembourg"]
[Date "2014.01.12"]
[Round "5"]
[White "Aghabekian, Liana"]
[Black "Bednarich, Jan"]
[Result "1-0"]
[WhiteElo "2174"]
[BlackElo "2305"]
[PlyCount "190"]
[EventDate "2014.10.05"]
[EventType "team-tourn"]
[EventRounds "10"]
[EventCountry "LUX"]
[SourceTitle "EXT 2017"]
[Source "ChessBase"]
[SourceDate "2016.10.25"]
[SourceVersion "1"]
[SourceVersionDate "2016.10.25"]
[SourceQuality "1"]

1. e4 e5 2. Nf3 d6 3. d4 exd4 4. Nxd4 Nf6 5. Nc3 Be7 6. Bc4 0-0 7. 0-0 Nc6 8. a4 Re8 9. Re1 h6 10. h3 Bd7 11. Bf4 Ne5 12. Ba2 Bf8 13. Qd2 Qc8 14. Re3 a6 15. a5 c5 16. Nde2 Be6 17. Nd5 Nxd5 18. Bxd5 Bxd5 19. Qxd5 Qc6 20. Nc3 Rac8 21. Bxe5 Rxe5 22. Qc4 Re6 23. Nd5 Rce8 24. Rae1 Be7 25. c3 Bd8 26. b4 Qa4 27. Qd3 Qb3 28. Kh1 cxb4 29. Rb1 Qa2 30. Rxb4 Qxf2 31. Rxb7 Rg6 32. Qe2 Rxg2 33. Qxf2 Rxf2 34. Rd7 Ra2 35. Rxd6 Rxa5 36. Kg2 Ra2+ 37. Kf3 Bg5 38. Re1 Rb8 39. e5 Rbb2 40. c4 Rb3+ 41. Ke4 Rxh3 42. Nb6 Rc2 43. Kd5 Rd3+ 44. Kc6 Re3 45. Rxe3 Bxe3 46. Kd5 h5 47. Rd8+ Kh7 48. Nd7 h4 49. Ke4 Bc1 50. Nb6 Re2+ 51. Kf5 g6+ 52. Kg4 Re4+ 53. Kh3 Rxe5 54. Rd7 Kg7 55. Kxh4 Rc5 56. Kg3 Rc6 57. Rd1 Bg5 58. Kg4 Be7 59. Rd7 Kf8 60. Rb7 Bf6 61. Kf3 Bd4 62. Nd7+ Kg7 63. Rb4 Rc7 64. Nb8 a5 65. Ra4 Bc3 66. Ke4 Bb4 67. Kd5 Rc5+ 68. Kd4 Rc8 69. Na6 Rd8+ 70. Ke3 Bd2+ 71. Ke4 Rd6 72. Nc7 Rc6 73. Nd5 Bb4 74. Kd3 Be1 75. Ra1 Bb4 76. Ra4 Rd6 77. Kd4 Rc6 78. Nxb4 axb4 79. Rxb4 Rd6+ 80. Ke5 Rd1 81. c5 Re1+ 82. Kd6 Rd1+ 83. Kc7 Rc1 84. c6 f5 85. Kd6 Kf6 86. c7 Kg5 87. Rb6 Rxc7 88. Kxc7 f4 89. Kd6 Kf5 90. Kd5 g5 91. Kd4 Kg4 92. Ke4 Kg3 93. Rf6 Kg4 94. Rf5 Kh5 95. Kf3 Kg6 1-0

[Event "Luxembourg-chT 1213"]
[Site "Luxembourg"]
[Date "2013.03.10"]
[Round "6"]
[White "Jansen, Christof"]
[Black "Bednarich, Jan"]
[Result "0-1"]
[WhiteElo "2252"]
[BlackElo "2305"]
[PlyCount "81"]
[EventDate "2012.10.??"]
[EventType "team-tourn"]
[EventRounds "10"]
[EventCountry "LUX"]
[SourceTitle "EXT 2017"]
[Source "ChessBase"]
[SourceDate "2016.10.25"]
[SourceVersion "1"]
[SourceVersionDate "2016.10.25"]
[SourceQuality "1"]

1. d3 g6 2. g3 Bg7 3. Bg2 d5 4. c3 e5 5. e4 Ne7 6. Nf3 0-0 7. 0-0 Nbc6 8. Qb3 h6 9. exd5 Nxd5 10. Nxe5 Nxe5 11. Qxd5 Qxd5 12. Bxd5 Nxd3 13. Bc4 Nxc1 14. Rxc1 Rd8 15. Na3 Bg4 16. Kg2 Rd2 17. Rc2 Rad8 18. Bb3 Rxc2 19. Bxc2 Rd2 20. Rc1 h5 21. Nc4 Rd8 22. h3 Bc8 23. Rd1 Re8 24. Ba4 Rf8 25. Ne3 c6 26. Bb3 b5 27. a4 Be5 28. f4 Bc7 29. axb5 cxb5 30. Nd5 Bd8 31. Nb4 Kg7 32. Bd5 Bb6 33. Bc6 a6 34. Nd5 Rd8 35. b4 Be6 36. h4 Rd6 37. Bb7 a5 38. bxa5 Bxa5 39. Kf2 Bb6+ 40. Ke1 Bg4 41. Rd2 0-1

[Event "Luxembourg-chT 1112"]
[Site "Luxembourg"]
[Date "2012.03.10"]
[Round "6"]
[White "Bednarich, Jan"]
[Black "Zaragatski, Ilja"]
[Result "0-1"]
[WhiteElo "2305"]
[BlackElo "2469"]
[PlyCount "124"]
[EventDate "2011.10.??"]
[EventType "team-tourn"]
[EventRounds "10"]
[EventCountry "LUX"]
[SourceTitle "EXT 2017"]
[Source "ChessBase"]
[SourceDate "2016.10.25"]
[SourceVersion "1"]
[SourceVersionDate "2016.10.25"]
[SourceQuality "1"]

1. Nf3 Nf6 2. c4 c5 3. Nc3 e6 4. e3 b6 5. d4 cxd4 6. exd4 Bb4 7. Bd2 Bb7 8. Bd3 0-0 9. 0-0 Re8 10. Re1 Bf8 11. Bg5 d6 12. d5 e5 13. Bc2 Be7 14. Qd2 Nbd7 15. h3 Rc8 16. b3 a6 17. a4 Nh5 18. Be3 g6 19. g4 Ng7 20. Kh2 Rf8 21. Bh6 Kh8 22. Rg1 Nf6 23. Rg3 Ng8 24. h4 Rb8 25. Rh1 Bc8 26. h5 gxh5 27. Qd3 f5 28. Bxg7+ Kxg7 29. gxf5+ Kh8 30. Rhg1 Nf6 31. Ng5 Bxf5 32. Qxf5 Ng4+ 33. Rxg4 Rxf5 34. Bxf5 Qf8 35. Nf7+ Qxf7 36. Be6 Qxf2+ 37. R1g2 Qf8 38. Rg8+ Qxg8 39. Rxg8+ Rxg8 40. Bxg8 Kxg8 41. b4 Kf7 42. Ne4 h4 43. c5 dxc5 44. a5 bxa5 45. bxc5 Bxc5 46. Nxc5 Ke7 47. Ne4 a4 48. Kh3 a3 49. Nc3 Kd6 50. Kxh4 a5 51. Kg4 a2 52. Nxa2 Kxd5 53. Kf3 Kd4 54. Ke2 h5 55. Kd2 h4 56. Nc1 a4 57. Ne2+ Ke4 58. Nc3+ Kf3 59. Nxa4 h3 60. Nb6 h2 61. Nc4 h1Q 62. Nxe5+ Ke4 0-1

[Event "Luxembourg-chT 1112"]
[Site "Luxembourg"]
[Date "2012.03.03"]
[Round "10"]
[White "Wiedenkeller, Michael"]
[Black "Bednarich, Jan"]
[Result "1/2-1/2"]
[WhiteElo "2479"]
[BlackElo "2305"]
[PlyCount "58"]
[EventDate "2011.10.??"]
[EventType "team-tourn"]
[EventRounds "10"]
[EventCountry "LUX"]
[SourceTitle "EXT 2017"]
[Source "ChessBase"]
[SourceDate "2016.10.25"]
[SourceVersion "1"]
[SourceVersionDate "2016.10.25"]
[SourceQuality "1"]

1. c4 Nc6 2. g3 e5 3. Nc3 Nf6 4. Bg2 Bb4 5. Nd5 Bc5 6. Nf3 d6 7. 0-0 h6 8. e3 Bg4 9. h3 Bh5 10. g4 Bg6 11. d4 Bb6 12. b4 exd4 13. Nxb6 axb6 14. Nxd4 Nxb4 15. Bxb7 0-0 16. Bd2 Nd3 17. Bxa8 Qxa8 18. f3 d5 19. cxd5 Qxd5 20. Ne2 Rd8 21. Bc3 Qg5 22. Nf4 Nxg4 23. hxg4 Nxf4 24. Qe1 Nd3 25. Qe2 Re8 26. Bd2 Qc5 27. Kh1 Qc2 28. e4 Rd8 29. Qh2 Qc5 1/2-1/2

[Event "Luxembourg-chT 1112"]
[Site "Luxembourg"]
[Date "2012.01.10"]
[Round "4"]
[White "Bednarich, Jan"]
[Black "Mertens, Marc"]
[Result "1-0"]
[WhiteElo "2305"]
[BlackElo "2217"]
[PlyCount "67"]
[EventDate "2011.10.??"]
[EventType "team-tourn"]
[EventRounds "10"]
[EventCountry "LUX"]
[SourceTitle "EXT 2017"]
[Source "ChessBase"]
[SourceDate "2016.10.25"]
[SourceVersion "1"]
[SourceVersionDate "2016.10.25"]
[SourceQuality "1"]

1. e4 c5 2. Nc3 d6 3. f4 Nc6 4. Nf3 g6 5. Bc4 Bg7 6. 0-0 e6 7. f5 exf5 8. d3 Nge7 9. Qe1 Be6 10. exf5 Bxc4 11. dxc4 0-0 12. fxg6 hxg6 13. Bg5 Qd7 14. Rd1 Nf5 15. Qf2 Ncd4 16. Nd5 f6 17. Bc1 Rae8 18. Rfe1 Nxf3+ 19. Qxf3 Rxe1+ 20. Rxe1 Re8 21. Rf1 Re6 22. c3 Ne7 23. Qd3 f5 24. Nf4 Re4 25. Rd1 Bh6 26. Qg3 Kf7 27. Nxg6 Bxc1 28. Nh8+ Kf8 29. Rxc1 Qe6 30. Rd1 Re3 31. Qh4 Kg7 32. h3 Re4 33. Qg3+ Kf8 34. Rxd6 1-0

[Event "Luxembourg-chT 1112"]
[Site "Luxembourg"]
[Date "2011.12.10"]
[Round "3"]
[White "Bednarich, Jan"]
[Black "Wiedenkeller, Michael"]
[Result "0-1"]
[WhiteElo "2305"]
[BlackElo "2479"]
[PlyCount "74"]
[EventDate "2011.10.??"]
[EventType "team-tourn"]
[EventRounds "10"]
[EventCountry "LUX"]
[SourceTitle "EXT 2017"]
[Source "ChessBase"]
[SourceDate "2016.10.25"]
[SourceVersion "1"]
[SourceVersionDate "2016.10.25"]
[SourceQuality "1"]

1. e4 e5 2. d4 exd4 3. Qxd4 Nc6 4. Qd3 Bc5 5. Nc3 Nge7 6. Qg3 0-0 7. Bg5 f6 8. Bh6 Ng6 9. Bd2 d6 10. Bc4+ Kh8 11. 0-0-0 Nge5 12. Bb3 Nd4 13. h3 Bd7 14. f4 Nxb3+ 15. axb3 Nf7 16. Nf3 a5 17. h4 a4 18. bxa4 Bxa4 19. b3 Bc6 20. Kb1 Qb8 21. Nd5 Bxd5 22. exd5 Qa7 23. Bc3 Bf2 24. Qh3 Be3 25. Rd2 Bxf4 26. h5 Rfe8 27. h6 Nxh6 28. Qh4 Bxd2 29. Nxd2 Qe3 30. Qb4 Qc5 31. Qxc5 dxc5 32. Rh4 Nf5 33. Rf4 Re1+ 34. Kb2 Ne3 35. Re4 Rea1 36. Re8+ Rxe8 37. Kxa1 Nxd5 0-1

[Event "EU-Cup 24th"]
[Site "Kallithea"]
[Date "2008.10.17"]
[Round "1"]
[White "Bednarich, Jan"]
[Black "Borisek, Jure"]
[Result "0-1"]
[WhiteElo "2260"]
[BlackElo "2548"]
[PlyCount "58"]
[EventDate "2008.10.17"]
[EventType "team-swiss"]
[EventRounds "7"]
[EventCountry "GRE"]
[SourceTitle "CBM 127"]
[Source "ChessBase"]
[SourceDate "2008.11.13"]
[SourceVersion "1"]
[SourceVersionDate "2008.11.13"]
[SourceQuality "1"]
[WhiteTeam "Luxembourg Bonnevoie"]
[BlackTeam "Ptuj Veplas Velenje"]
[WhiteTeamCountry "LUX"]
[BlackTeamCountry "SLO"]

1. e4 e5 2. Bb5 c6 3. Ba4 Nf6 4. Qe2 Bc5 5. Nf3 0-0 6. 0-0 Re8 7. d3 h6 8. a3 d5 9. Nc3 Bg4 10. h3 Bh5 11. Bb3 Na6 12. Kh1 Bd4 13. g4 Bg6 14. exd5 Bxc3 15. bxc3 e4 16. dxe4 Bxe4 17. dxc6 Nxg4 18. Rg1 Qf6 19. Rg3 Bxc6 20. Be3 Ne5 21. Kg2 Nxf3 22. Rxf3 Nc5 23. Kg3 Qe5+ 24. Rf4 Nxb3 25. cxb3 g5 26. Qg4 f5 27. Qh5 gxf4+ 28. Bxf4 Qg7+ 29. Kh4 Re4 0-1

[Event "Kaupthing op-A 1st"]
[Site "Differdange"]
[Date "2007.07.14"]
[Round "9"]
[White "Berg, Roy"]
[Black "Bednarich, Jan"]
[Result "0-1"]
[WhiteElo "2129"]
[BlackElo "2279"]
[PlyCount "60"]
[EventDate "2007.07.07"]
[EventType "swiss"]
[EventRounds "9"]
[EventCountry "LUX"]
[SourceTitle "CBM 119 Extra"]
[Source "ChessBase"]
[SourceDate "2007.09.04"]
[SourceVersion "1"]
[SourceVersionDate "2007.09.04"]
[SourceQuality "1"]

1. d4 Nf6 2. c4 c5 3. d5 e6 4. Nc3 exd5 5. cxd5 d6 6. Nf3 g6 7. Nd2 Be7 8. Nc4 0-0 9. a4 Na6 10. e4 Nb4 11. Be2 b6 12. 0-0 Ba6 13. f4 Nd7 14. Nb5 Bxb5 15. axb5 Nf6 16. Bf3 a6 17. bxa6 b5 18. Nxd6 Bxd6 19. e5 c4 20. exd6 Qxd6 21. a7 Rxa7 22. Rxa7 Qb6+ 23. Kh1 Qxa7 24. f5 Nd3 25. Bg5 Qd4 26. Bxf6 Qxf6 27. fxg6 hxg6 28. Qd2 Qxb2 29. Qg5 Ra8 30. g3 Nf2+ 0-1

[Event "Metz op 25th"]
[Site "Metz"]
[Date "2007.04.16"]
[Round "3"]
[White "Kalinitschew, Sergey"]
[Black "Bednarich, Jan"]
[Result "1-0"]
[WhiteElo "2488"]
[BlackElo "2259"]
[PlyCount "81"]
[EventDate "2007.04.14"]
[EventType "swiss"]
[EventRounds "9"]
[EventCountry "FRA"]
[SourceTitle "CBM 117 Extra"]
[Source "ChessBase"]
[SourceDate "2007.05.09"]
[SourceVersion "1"]
[SourceVersionDate "2007.05.09"]
[SourceQuality "1"]

1. d4 Nf6 2. Nf3 e6 3. c4 Nc6 4. g3 g6 5. Nc3 Bg7 6. d5 Ne7 7. e4 d6 8. Bg2 0-0 9. 0-0 a6 10. a4 Rb8 11. h3 h6 12. Be3 b6 13. Qd2 Kh7 14. b4 e5 15. c5 bxc5 16. bxc5 Rb3 17. Rab1 Rxc3 18. Qxc3 Nxe4 19. Qc4 f5 20. cxd6 Nxd6 21. Qc5 Ne4 22. Qc2 Nxd5 23. Bc5 Nxc5 24. Qxc5 e4 25. Rfd1 Be6 26. Nd4 Bg8 27. Rb7 Rf6 28. Ne2 Rb6 29. Rxb6 cxb6 30. Qc6 Qf6 31. Qb7 Qb2 32. Qxa6 Nb4 33. Qb5 Nd3 34. Qxb2 Nxb2 35. Ra1 Bb3 36. a5 Na4 37. Ra3 Bd1 38. a6 b5 39. a7 Nb6 40. Nc3 b4 41. Ra6 1-0

[Event "Metz op 24th"]
[Site "Metz"]
[Date "2006.04.30"]
[Round "9"]
[White "Bednarich, Jan"]
[Black "Marzolf, Bruno"]
[Result "1-0"]
[WhiteElo "2204"]
[BlackElo "2235"]
[PlyCount "91"]
[EventDate "2006.04.22"]
[EventType "swiss"]
[EventRounds "9"]
[EventCountry "FRA"]
[SourceTitle "EXT 2007"]
[Source "ChessBase"]
[SourceDate "2006.11.23"]
[SourceVersion "1"]
[SourceVersionDate "2006.11.23"]
[SourceQuality "1"]

1. e4 e5 2. d4 exd4 3. Qxd4 Nc6 4. Qe3 Nf6 5. Nc3 Bb4 6. Bd2 0-0 7. 0-0-0 Re8 8. Qf4 d6 9. f3 Be6 10. g4 Ne5 11. h4 a6 12. h5 b5 13. g5 Nfd7 14. Qg3 Nb6 15. g6 h6 16. gxf7+ Nxf7 17. Nh3 Nc4 18. Bxc4 bxc4 19. Rhg1 Qf6 20. Nf4 c6 21. Ng6 Bc5 22. Rg2 Bd4 23. f4 Rab8 24. Re1 Rb7 25. e5 dxe5 26. fxe5 Nxe5 27. Nxe5 Bd5 28. Ng4 Rxe1+ 29. Qxe1 Qd8 30. Re2 Bf7 31. Qg3 Kh7 32. Qf3 Qb6 33. Qe4+ Kh8 34. b3 cxb3 35. axb3 Qc5 36. Kb2 Rb4 37. Qd3 Bxc3+ 38. Bxc3 Rxg4 39. Qd8+ Kh7 40. Re5 Qg1 41. Qd3+ Kg8 42. Qd8+ Kh7 43. Qd7 Kg8 44. Qc8+ Kh7 45. Qf5+ Kg8 46. Re7 1-0

[Event "Trieste op-A 06th"]
[Site "Trieste"]
[Date "2004.09.12"]
[Round "9"]
[White "Jurkovic, Hrvoje"]
[Black "Bednarich, Jan"]
[Result "1-0"]
[WhiteElo "2432"]
[BlackElo "2198"]
[PlyCount "59"]
[EventDate "2004.09.04"]
[EventType "swiss"]
[EventRounds "9"]
[EventCountry "ITA"]
[SourceTitle "CBM 102 Extra"]
[Source "ChessBase"]
[SourceDate "2004.11.03"]
[SourceVersion "1"]
[SourceVersionDate "2004.11.03"]
[SourceQuality "1"]

1. e4 c5 2. c3 Nf6 3. e5 Nd5 4. d4 cxd4 5. Nf3 Nc6 6. cxd4 d6 7. Bc4 e6 8. 0-0 Be7 9. Qe2 0-0 10. Qe4 Re8 11. Re1 Ncb4 12. a3 Nb6 13. Bb5 d5 14. Qe2 Nc6 15. Nc3 Bd7 16. Bd3 a5 17. g3 a4 18. h4 Nc4 19. Bg5 h6 20. Bf4 Bf8 21. Rad1 Qa5 22. Bxc4 dxc4 23. Ne4 Be7 24. Nh2 c3 25. bxc3 Bxa3 26. Bxh6 Kf8 27. Bg5 b5 28. Qh5 Ne7 29. Qh8+ Ng8 30. Nf6 1-0

[Event "Trieste op-A 06th"]
[Site "Trieste"]
[Date "2004.09.06"]
[Round "3"]
[White "Bednarich, Jan"]
[Black "Toth, Andras"]
[Result "0-1"]
[WhiteElo "2198"]
[BlackElo "2429"]
[PlyCount "74"]
[EventDate "2004.09.04"]
[EventType "swiss"]
[EventRounds "9"]
[EventCountry "ITA"]
[SourceTitle "CBM 102 Extra"]
[Source "ChessBase"]
[SourceDate "2004.11.03"]
[SourceVersion "1"]
[SourceVersionDate "2004.11.03"]
[SourceQuality "1"]

1. e4 c5 2. Nf3 d6 3. d4 cxd4 4. Nxd4 Nf6 5. Nc3 Nc6 6. Bg5 e6 7. Qd2 a6 8. 0-0-0 Be7 9. f3 Qa5 10. h4 h6 11. Nb3 Qc7 12. Be3 Nd7 13. g4 Nce5 14. Qg2 b5 15. Bd4 b4 16. Ne2 Bb7 17. Ng3 Rg8 18. Kb1 Nc5 19. g5 0-0-0 20. Qf2 Na4 21. f4 Nc4 22. Qe2 d5 23. e5 hxg5 24. hxg5 g6 25. Rh7 Rdf8 26. Qf2 Rh8 27. Rxh8 Rxh8 28. Bd3 a5 29. Rh1 Rxh1+ 30. Nxh1 Naxb2 31. Bxb2 Nxb2 32. Kxb2 a4 33. Nd2 Qc3+ 34. Kc1 Bc5 35. Qe2 Bd4 36. Ba6 Be3 37. Bxb7+ Kc7 0-1

[Event "Trieste op-A 06th"]
[Site "Trieste"]
[Date "2004.09.04"]
[Round "1"]
[White "Bednarich, Jan"]
[Black "Bevilacqua, Andrea"]
[Result "1-0"]
[WhiteElo "2198"]
[BlackElo "1736"]
[PlyCount "41"]
[EventDate "2004.09.04"]
[EventType "swiss"]
[EventRounds "9"]
[EventCountry "ITA"]
[SourceTitle "CBM 102 Extra"]
[Source "ChessBase"]
[SourceDate "2004.11.03"]
[SourceVersion "1"]
[SourceVersionDate "2004.11.03"]
[SourceQuality "1"]

1. Nf3 d5 2. d4 Bf5 3. g3 Nf6 4. Bg2 e6 5. 0-0 Bd6 6. c4 c6 7. Qb3 Qb6 8. Qa4 dxc4 9. Na3 Qd8 10. Nxc4 Bc7 11. Qb3 Qc8 12. Qa3 Qd8 13. Bf4 Bxf4 14. gxf4 Ne4 15. Nfe5 f6 16. Bxe4 fxe5 17. Nd6+ Kd7 18. Bxf5 exf5 19. Nf7 Qf6 20. Nxh8 exf4 21. Qb3 1-0

[Event "Bergamo op 1st"]
[Site "Bergamo"]
[Date "2002.07.28"]
[Round "6"]
[White "Braghetta, Sergio"]
[Black "Bednarich, Jan"]
[Result "0-1"]
[WhiteElo "2265"]
[BlackElo "2221"]
[PlyCount "102"]
[EventDate "2002.07.26"]
[EventType "swiss"]
[EventRounds "6"]
[EventCountry "ITA"]
[SourceTitle "CBM 089 Extra"]
[Source "ChessBase"]
[SourceDate "2002.09.10"]
[SourceVersion "2"]
[SourceVersionDate "2002.09.10"]
[SourceQuality "1"]

1. d4 Nf6 2. Nf3 e6 3. Bg5 c5 4. e3 cxd4 5. exd4 b6 6. Nbd2 Bb7 7. Bd3 Be7 8. 0-0 0-0 9. Re1 h6 10. Bh4 Nc6 11. c3 Rc8 12. Nc4 d6 13. Qe2 Nb8 14. a4 Re8 15. Rad1 Nbd7 16. Bg3 Nf8 17. h3 Qc7 18. Na3 Qb8 19. Ba6 Ng6 20. Bxb7 Qxb7 21. Nd2 Red8 22. Nc2 Nd5 23. Qf3 Qc6 24. Ra1 Bf8 25. Nf1 Nde7 26. Qh5 Nd5 27. Nce3 Nf6 28. Qe2 e5 29. Nf5 Re8 30. N1e3 Nf4 31. Qf1 N6h5 32. dxe5 dxe5 33. Bxf4 Nxf4 34. g3 Ne6 35. Ng4 Ng5 36. Nh2 Qe6 37. g4 Qb3 38. Re2 Rcd8 39. Ne3 Rd3 40. h4 Ne6 41. Ng2 Bc5 42. Rxe5 Rd2 43. Re2 Qxb2 44. Rxd2 Qxd2 45. a5 Qxc3 46. axb6 Bxb6 47. Rd1 Qf6 48. Qe2 Rc8 49. Nf3 Nf4 50. Nxf4 Qxf4 51. g5 Rc3 0-1

[Event "Bergamo op 1st"]
[Site "Bergamo"]
[Date "2002.07.27"]
[Round "4"]
[White "Trotto, Pierangelo"]
[Black "Bednarich, Jan"]
[Result "0-1"]
[WhiteElo "1755"]
[BlackElo "2221"]
[PlyCount "68"]
[EventDate "2002.07.26"]
[EventType "swiss"]
[EventRounds "6"]
[EventCountry "ITA"]
[SourceTitle "EXT 2024"]
[Source "ChessBase"]
[SourceDate "2023.10.10"]
[SourceVersion "1"]
[SourceVersionDate "2023.10.10"]
[SourceQuality "1"]

1. e4 c5 2. Nf3 e6 3. d4 cxd4 4. Nxd4 a6 5. Nc3 b5 6. Bd3 Qb6 7. Nb3 Qc7 8. 0-0 Bb7 9. Be3 Nf6 10. f3 d6 11. a3 Nbd7 12. f4 Be7 13. Qe1 Rc8 14. Rd1 0-0 15. Kh1 e5 16. Rf3 Nb6 17. Rh3 Nc4 18. Nd5 Nxd5 19. exd5 f5 20. Bc1 Bxd5 21. Bxf5 Bxg2+ 22. Kxg2 Rxf5 23. Qe4 Rcf8 24. Rdd3 Qc8 25. Nd4 exd4 26. Qxe7 Qc6+ 27. Kg1 Ne3 28. Bxe3 dxe3 29. Qe6+ R5f7 30. Rdxe3 Qxc2 31. Re4 Qxb2 32. f5 Qf6 33. Rd3 Qxf5 34. Qxf5 Rxf5 0-1